Pracují a přesto jsou chudí srovnávací analýza pracujících chudých v Česku a na Slovensku podle dát z výběrového štření EU - SLIC

Analýza populácie pracujúcich chudobných zamestnancov v Českej a Slovenskej republike v roku 2010. Definícia chudoby a vymedzenie pracujúcich chudobných.

Enregistré dans:
Détails bibliographiques
Auteur principal: Šustová, Šárka
Autres auteurs: Zykmundová, Eliška
Format: Chapitre de livre
Langue:tchèque
Sujets:
Tags: Ajouter un tag
Pas de tags, Soyez le premier à ajouter un tag!

MARC

LEADER 00000naa a2200000 4500
001 0184721
005 20220728114605.0
041 0 |a cze 
044 |a SK 
245 1 0 |a Pracují a přesto jsou chudí  |b srovnávací analýza pracujících chudých v Česku a na Slovensku podle dát z výběrového štření EU - SLIC  |c Šárka Šustová, Eliška Zykmundová 
520 |a Analýza populácie pracujúcich chudobných zamestnancov v Českej a Slovenskej republike v roku 2010. Definícia chudoby a vymedzenie pracujúcich chudobných. 
610 2 0 |a štatistika demografická 
610 2 0 |a analýza komparatívna 
610 2 0 |a Slovensko 
610 2 0 |a Česko 
610 2 0 |a chudoba 
610 2 0 |a zamestnanie 
100 1 |a Šustová, Šárka 
700 1 |a Zykmundová, Eliška